Bytový dom

Guardado en:
Detalles Bibliográficos
Autor principal: Horský, Michal (Autor)
Otros Autores: Buday, Peter (Orientador)
Formato: Manuscrito Libro
Lenguaje:eslovaco
Publicado: 2025
Materias:
Acceso en línea:http://is.stuba.sk/zp/portal_zp.pl?podrobnosti=167928
CRZP
Etiquetas: Agregar Etiqueta
Sin Etiquetas, Sea el primero en etiquetar este registro!

MARC

LEADER 00000ntm a22000003a 4500
001 stuzp104898
003 SK-STU
005 20250724105849.7
007 ta
008 150427s2015----xo-----f-mn---000-0-slo-d
040 |a STU  |b slo 
041 0 |a slo 
100 1 |a Horský, Michal  |u 010180  |4 aut  |U SvF Stavebná fakulta  |T SvF Katedra konštrukcií pozemných stavieb  |X 115290  |U V180  |Y 18  |7 115290 
242 0 1 |a Residential Building  |y eng 
245 1 0 |a Bytový dom 
260 |c 2025 
650 4 |a Bytový dom  |2 slo 
650 4 |a Projekt  |2 slo 
650 4 |a Bakalárska práca  |2 slo 
650 4 |a Bachelor’s Thesis  |2 eng 
650 4 |a Residential Building  |2 eng 
650 4 |a Project  |2 eng 
700 1 |a Buday, Peter  |u 010180  |k Z1  |4 ths  |U SvF Stavebná fakulta  |T SvF Katedra konštrukcií pozemných stavieb  |X 962  |U V180  |Y 18  |7 A000000962 
856 4 |u http://is.stuba.sk/zp/portal_zp.pl?podrobnosti=167928 
856 4 |u https://opac.crzp.sk/?fn=detailBiblioForm&sid=C9A1C75A261DD259FA87461E26A3  |z CRZP